| 000 | 00680nam a2200217Ia 4500 | ||
|---|---|---|---|
| 003 | OSt | ||
| 005 | 20220203102315.0 | ||
| 008 | 210716s1990 xx 000 0 und d | ||
| 020 | _a0471617857 | ||
| 040 | _cAIMIT LIBRARY | ||
| 041 | _aeng | ||
| 082 |
_a658.4 _22 _bBOWJ |
||
| 100 |
_aBowditch, James L. _916127 |
||
| 245 |
_aPrimer on organizational behavior / _cBy James L Bowditch and Anthony F Buono. |
||
| 250 | _a2nd ed. | ||
| 260 |
_aNew York: _bJohn Wiley & sons; _c1990. |
||
| 300 |
_axx,393p.; _c23cm. |
||
| 650 |
_aResearch process in organizational behavior _916128 |
||
| 650 |
_aMotivationGroup and intergroup behavior _916129 |
||
| 942 |
_2ddc _cBK _e2 _k658.4 BOWJ |
||
| 999 |
_c198919 _d198919 |
||